Levantine Cuisine by Images - Statistics

General Stats
  • This quiz has been taken 17 times
  • The average score is 4 of 16
Answer Stats
Picture Answer % Correct
Pita
76%
Fattoush
59%
Kanafeh
53%
Mansaf
47%
Lahmacun
29%
Basbousa
24%
Halva
24%
Maqluba
18%
Mulukhiyah
12%
Bamia
6%
Harees
6%
Barazek
0%
Limonana
0%
Malfouf
0%
Mujaddara
0%
Quzi
0%
No matching quizzes found
Score Distribution
Percent of People with Each Score
Percentile by Number Answered
Your Score History
You have not taken this quiz